000 00673nam a22001577a 4500
005 20250903093550.0
008 240830b ||||| |||| 00| 0 eng d
082 _aDPer 364.05 P538 2020 v. 1 iss. 1-2
100 _aSumad-on, Donald T.
_eauthor.
_946338
245 _aEffectiveness of barangay Tanod in crime prevention in central region of Angadanan, Isabela /
_cDonald T. Sumad-on.
260 _aPhilippines ;
_bChapterhouse Publishing Inc. ,
_c2020.
300 _aVolume 1, pages 167-181 :
_billustration ;
_c26 cm.
500 _aPhilippine Criminology Journal, vol. 1, iss. 1, pages 167-181, 2020.
700 _aSumad-on, Donald T.
_eauthor.
_946338
942 _2ddc
_cPER
999 _c21069
_d21069